[Event "AUTO-MASTER-3198"]
[Site "http://www.queenalice.com/game.php?id=1829036"]
[Date "2024.1.11"]
[Round "1"]
[White "flemster"]
[Black "maurice916"]
[Result "1-0"]
[WhiteElo "2295"]
[BlackElo "1903"]

1. d4 d5 2. c4 a6 3. Nc3 Nf6 4. cxd5 c6 5. dxc6 Nxc6 6. Nf3 e6 7. e3 Be7 8. Bd3
b5 9. a3 Bb7 10. O-O O-O 11. b4 Rc8 12. Bb2 Na7 13. Rc1 Bd6 14. Qe2 Re8 15. e4
e5 16. dxe5 Bxe5 17. Nxe5 Rxe5 18. f4 Re8 19. e5 Nc6 20. Ne4 Nxe4 21. Qxe4 g6
22. Qe3 Qe7 23. Bb1 Qf8 24. Ba2 Rcd8 25. e6 Rxe6 26. Bxe6 fxe6 27. Rxc6 Bxc6 28.
Qxe6+ Qf7 29. Qxc6 1-0

[Event "AUTO-MASTER-3174"]
[Site "http://www.queenalice.com/game.php?id=1831797"]
[Date "2024.2.17"]
[Round "2"]
[White "diedoofen"]
[Black "flemster"]
[Result "1-0"]
[WhiteElo "2532"]
[BlackElo "2305"]

1. e4 e5 2. Nf3 Nc6 3. Bc4 Nf6 4. d3 Be7 5. O-O O-O 6. Nc3 d6 7. a3 h6 8. h3 Be6
9. Nd5 Qd7 10. Re1 Rae8 11. c3 Bd8 12. d4 Bxh3 13. Nxf6+ gxf6 14. Nh2 exd4 15.
cxd4 Kh7 16. Qh5 1-0

[Event "AUTO-MASTER-3174"]
[Site "http://www.queenalice.com/game.php?id=1831798"]
[Date "2024.2.17"]
[Round "2"]
[White "flemster"]
[Black "diedoofen"]
[Result "0-1"]
[WhiteElo "2351"]
[BlackElo "2575"]

1. d4 d5 2. c4 e6 3. Nf3 Nf6 4. g3 c6 5. Bg2 Be7 6. O-O O-O 7. b3 Nbd7 8. Qc2 a5
9. Bb2 b6 10. Nbd2 c5 11. Rad1 Bb7 12. Ne5 cxd4 13. Nxd7 Qxd7 14. Bxd4 dxc4 15.
Nxc4 Bxg2 16. Kxg2 Qc6+ 17. Kg1 b5 18. Ne3 Qxc2 19. Nxc2 Rfc8 20. Ne3 a4 21. Rc1
axb3 22. Rxc8+ Rxc8 23. axb3 Ne4 24. Rd1 Rd8 25. Kg2 f5 26. f3 Ng5 27. Bb2 Rxd1
28. Nxd1 Nf7 29. Nf2 Nd8 30. e4 Nc6 31. exf5 exf5 32. Nd3 g6 33. Kf2 Na5 34. Nc1
Kf7 35. Ke3 Bg5+ 36. f4 Be7 37. Bc3 Nc6 38. Nd3 Ke6 39. Bd4 Na5 40. b4 Nc6 41.
Bc3 Kd5 42. Kd2 Kc4 43. Ne5+ Nxe5 44. fxe5 Bg5+ 45. Kc2 h5 46. Be1 Be3 47. Bc3
Kd5 48. Kd3 Bg1 0-1

[Event "AUTO-MASTER-3174"]
[Site "http://www.queenalice.com/game.php?id=1831801"]
[Date "2024.2.17"]
[Round "2"]
[White "suenteus_po_147"]
[Black "flemster"]
[Result "0-1"]
[WhiteElo "2025"]
[BlackElo "2328"]

1. e4 e5 2. Nf3 Nc6 3. Bb5 a6 4. Ba4 d6 5. O-O Bd7 6. d4 exd4 7. Bxc6 Bxc6 8.
Nxd4 Bd7 9. Nc3 Nf6 10. b3 Be7 11. Bb2 O-O 12. Re1 Re8 13. Qf3 Qc8 14. h3 c5 15.
Nf5 Bxf5 16. exf5 Qc6 17. Qxc6 bxc6 18. Rad1 d5 19. g4 Nd7 20. Re2 Bd6 21. Rde1
Kf8 22. Na4 Rxe2 23. Rxe2 g6 24. fxg6 hxg6 25. g5 Re8 26. Kf1 Rxe2 27. Kxe2 Ke7
28. Ke3 Ke6 29. h4 Kf5 30. Kf3 d4 31. Bc1 Ne5+ 32. Kg2 Kg4 33. f4 Nd7 34. Nb2
Bxf4 35. Bxf4 Kxf4 36. Kh3 Ne5 37. Na4 c4 38. Nc5 d3 39. cxd3 c3 40. b4 c2 41.
Nb3 Nxd3 0-1

[Event "AUTO-MASTER-3174"]
[Site "http://www.queenalice.com/game.php?id=1831802"]
[Date "2024.2.17"]
[Round "2"]
[White "flemster"]
[Black "suenteus_po_147"]
[Result "1-0"]
[WhiteElo "2331"]
[BlackElo "2021"]

1. d4 Nf6 2. c4 g6 3. Nc3 d5 4. Nf3 Bg7 5. Qb3 dxc4 6. Qxc4 O-O 7. e4 a6 8. e5
b5 9. Qb3 Nfd7 10. e6 fxe6 11. Be3 Nf6 12. Rd1 Nd5 13. h4 Nf6 14. Be2 Nc6 15.
Ng5 Nd5 16. Bf3 h6 17. Nxe6 Bxe6 18. Bxd5 Bxd5 19. Qxd5+ Qxd5 20. Nxd5 Rac8 21.
Rc1 e6 22. Rxc6 exd5 23. Rxg6 Kh7 24. Rxa6 c6 25. Kd2 Rf7 26. Rc1 Rfc7 27. b4
Bf8 28. a3 Bd6 29. g4 Kg7 30. Ke2 Kh7 31. f4 Kg7 32. Kf3 Kh7 33. f5 Kg7 34. g5
hxg5 35. hxg5 Kf7 36. Rh1 Kg7 37. Rh6 Rd7 38. Bf4 Bxf4 39. Kxf4 Rdc7 40. Ke5 1-0

[Event "AUTO-MASTER-3198"]
[Site "http://www.queenalice.com/game.php?id=1840213"]
[Date "2024.7.14"]
[Round "2"]
[White "Kapablanca"]
[Black "flemster"]
[Result "0-1"]
[WhiteElo "2156"]
[BlackElo "2334"]

1. d4 d5 2. c4 e6 3. Nc3 c6 4. e3 Nf6 5. Nf3 Nbd7 6. c5 b6 7. b4 a5 8. bxa5 bxc5
9. dxc5 Bxc5 10. Be2 Bb4 11. Bd2 Qxa5 12. Qc2 Ba6 13. Bxa6 Qxa6 14. Ne2 Bd6 15.
Bc3 c5 16. O-O O-O 17. Ng3 Rfe8 18. Rfb1 e5 19. Nf5 Bf8 20. h3 d4 21. exd4 exd4
22. Be1 d3 23. Qc3 Nd5 24. Qc1 c4 25. Bc3 Nxc3 26. Qxc3 g6 27. N5d4 Bg7 28. Rb4
Rac8 29. a3 Ne5 0-1

[Event "AUTO-MASTER-3198"]
[Site "http://www.queenalice.com/game.php?id=1840214"]
[Date "2024.7.14"]
[Round "2"]
[White "flemster"]
[Black "Kapablanca"]
[Result "1-0"]
[WhiteElo "2346"]
[BlackElo "2059"]

1. c4 e6 2. g3 d5 3. Bg2 Nf6 4. Nf3 Be7 5. O-O O-O 6. d4 c5 7. cxd5 Nxd5 8. e4
Nf6 9. Nc3 cxd4 10. Nxd4 Nbd7 11. Qe2 a6 12. Rd1 Qc7 13. Be3 Re8 14. Rac1 Qa5
15. Nb3 Qh5 16. Bf3 Qg6 17. Bf4 e5 18. Be3 b5 19. Nd5 Nxd5 20. Rxd5 Bf8 21. Rxc8
Raxc8 22. Rxd7 Qc6 23. Ra7 Ra8 24. Na5 Qe6 25. a3 Rxa7 26. Bxa7 g6 27. Be3 Rc8
28. Qd3 Qd6 29. Be2 Qxd3 30. Bxd3 Bc5 31. Bxc5 Rxc5 32. Nb3 Rc7 33. Kf1 Kf8 34.
Ke2 Ke7 35. Kd2 f6 36. Nc1 g5 37. b4 h6 38. Nb3 Kd6 39. Nc5 Ra7 40. Be2 Kc7 41.
Kc3 Kb6 42. a4 Rc7 43. Kb3 bxa4+ 44. Nxa4+ Ka7 45. Nc3 Rd7 46. Nd5 Rf7 47. g4
Kb7 48. Ka4 Ka7 49. Ka5 Kb7 50. Bxa6+ Ka7 51. b5 1-0

[Event "AUTO-MASTER-3198"]
[Site "http://www.queenalice.com/game.php?id=1840217"]
[Date "2024.7.14"]
[Round "2"]
[White "flemster"]
[Black "CCapivara"]
[Result "1-0"]
[WhiteElo "2319"]
[BlackElo "2204"]

1. c4 e5 2. Nc3 f5 3. d4 exd4 4. Qxd4 Nc6 5. Qe3+ Be7 6. Nd5 Kf8 7. Nf3 Nf6 8.
g3 d6 9. Bg2 h6 10. O-O Ng4 11. Qc3 Nce5 12. Nd4 c6 13. Nxe7 Qxe7 14. b3 g5 15.
f4 gxf4 16. Rxf4 Qf6 17. Bb2 h5 18. Nxf5 Bxf5 19. e4 Ke7 20. exf5 h4 21. Re1
hxg3 22. Rxg4 Rxh2 23. Qxg3 Rah8 24. Bxe5 dxe5 25. Rg7+ Kf8 26. Rxb7 Rxg2+ 27.
Kxg2 Rg8 28. Rb8+ 1-0

[Event "AUTO-MASTER-3198"]
[Site "http://www.queenalice.com/game.php?id=1840218"]
[Date "2024.7.14"]
[Round "2"]
[White "CCapivara"]
[Black "flemster"]
[Result "0-1"]
[WhiteElo "2256"]
[BlackElo "2309"]

1. e4 e5 2. Nf3 Nc6 3. Bb5 Nge7 4. d4 exd4 5. Nxd4 g6 6. Nc3 Bg7 7. Be3 O-O 8.
Qd2 a6 9. Ba4 b5 10. Bb3 Na5 11. O-O-O c5 12. Bxf7+ Rxf7 13. Ne6 Qb6 14. Nxc5
Nc4 15. Qe2 Bxc3 16. bxc3 Qa5 17. Rd4 Qa3+ 18. Kd1 Qxc5 19. h4 Nxe3+ 20. Qxe3
Nc6 21. h5 Nxd4 22. cxd4 Qe7 23. hxg6 hxg6 24. Qh6 Rg7 25. Rh3 d5 26. Qh8+ Kf7
27. Rf3+ Ke6 28. Rf8 Kd7 29. exd5 Rh7 30. Qg8 Rh1+ 31. Kd2 Qe1+ 32. Kd3 Qd1+ 33.
Kc3 b4+ 34. Kb3 Qb1+ 35. Kc4 Qxc2+ 36. Kxb4 Rb1+ 0-1

[Event "AUTO-OPEN-4564"]
[Site "http://www.queenalice.com/game.php?id=1848763"]
[Date "2024.12.14"]
[Round "1"]
[White "josebaron"]
[Black "flemster"]
[Result "1-0"]
[WhiteElo "2179"]
[BlackElo "2360"]

1. e4 e5 2. Nf3 Nc6 3. Bb5 Nge7 4. O-O a6 5. Bxc6 Nxc6 6. Nc3 d6 7. h3 g6 8. d4
exd4 9. Nxd4 Bg7 10. Nxc6 bxc6 11. Ne2 O-O 12. c3 Re8 13. Ng3 Rb8 14. Re1 c5 15.
a4 Bb7 16. Qc2 Qh4 17. Bd2 Be5 18. Nf1 Bc6 19. f3 Bd7 20. Be3 Be6 21. Bf2 Qf6
22. Bg3 Bxg3 23. Nxg3 Rb3 24. e5 dxe5 25. Ne4 Qf5 26. Qf2 c4 27. Nc5 Rb6 28.
Nxe6 Qxe6 29. Rad1 Qc6 30. Ra1 Kg7 31. Re4 f6 32. Qe2 Qc5+ 33. Kh1 Rc6 34. a5
Qb5 35. Rd1 Rc5 36. f4 f5 37. Rxe5 Rcxe5 38. fxe5 Rxe5 39. Qd2 Qxa5 40. Qd8 Re4
41. h4 f4 42. Rd7+ Kh6 43. Qg8 Kh5 44. Rxh7+ 1-0

[Event "AUTO-OPEN-4564"]
[Site "http://www.queenalice.com/game.php?id=1848764"]
[Date "2024.12.14"]
[Round "1"]
[White "flemster"]
[Black "josebaron"]
[Result "1-0"]
[WhiteElo "2341"]
[BlackElo "2224"]

1. c4 e5 2. g3 Nf6 3. Bg2 Bc5 4. Nc3 O-O 5. e3 Nc6 6. Nge2 d6 7. O-O Be6 8. d4
exd4 9. exd4 Nxd4 10. Nxd4 Bxc4 11. Re1 c6 12. Be3 Bxd4 13. Qxd4 Be6 14. Bg5 d5
15. Ne2 h6 16. Bxf6 Qxf6 17. Qxf6 gxf6 18. Nf4 Rfe8 19. Nh5 Kf8 20. Nxf6 Red8
21. b3 a5 22. Nh5 1-0

[Event "AUTO-OPEN-4564"]
[Site "http://www.queenalice.com/game.php?id=1848787"]
[Date "2024.12.14"]
[Round "1"]
[White "Canaye14"]
[Black "flemster"]
[Result "0-1"]
[WhiteElo "1849"]
[BlackElo "2350"]

1. d4 d5 2. Nf3 e6 3. Bf4 Nf6 4. h3 c5 5. c4 Nc6 6. cxd5 Nxd5 7. Bh2 cxd4 8. a3
Qa5+ 9. Nbd2 f6 10. b4 Qd8 11. Qb3 e5 12. e3 dxe3 13. fxe3 Nb6 14. Bb5 Qd5 15.
Qxd5 Nxd5 16. Kf2 Bd7 17. Rac1 a6 18. Bc4 Nc7 19. Rhe1 Be6 20. Bd3 Be7 21. Nc4
Rd8 22. Red1 O-O 23. Nb2 Bf7 24. Bb1 Nb5 25. Rxd8 Rxd8 26. Nc4 Bxc4 27. Rxc4
Nxa3 28. Rc1 Nxb1 29. Rxb1 Bxb4 30. Ke2 a5 31. e4 a4 32. Bg1 a3 33. g4 Bc3 34.
Ne1 a2 0-1

[Event "AUTO-OPEN-4564"]
[Site "http://www.queenalice.com/game.php?id=1848788"]
[Date "2024.12.14"]
[Round "1"]
[White "flemster"]
[Black "Canaye14"]
[Result "1-0"]
[WhiteElo "2349"]
[BlackElo "1851"]

1. d4 e6 2. c4 d5 3. g3 c5 4. cxd5 exd5 5. Nf3 Nc6 6. Bg2 Nf6 7. O-O Be7 8. Nc3
O-O 9. dxc5 Bxc5 10. a3 a6 11. b4 Ba7 12. Bg5 h6 13. Bxf6 Qxf6 14. Nxd5 Qd8 15.
e3 Re8 16. Rc1 Bg4 17. h3 Bh5 18. Nf4 Bxf3 19. Bxf3 Qf6 20. Qa4 Rab8 21. Bxc6
bxc6 22. Rxc6 Qe5 23. Rxa6 Bxe3 24. fxe3 Qxe3+ 25. Kg2 Rbd8 26. Rf2 g5 27. Nh5
Re6 28. Rxe6 Qxe6 29. Nf6+ Kg7 30. Qc2 Rh8 31. Qc3 Rc8 32. Nh5+ Kf8 33. Qh8+ Ke7
34. Qf6+ Qxf6 35. Nxf6 Rc3 36. Nd5+ 1-0

[Event "AUTO-OPEN-4564"]
[Site "http://www.queenalice.com/game.php?id=1848803"]
[Date "2024.12.14"]
[Round "1"]
[White "flemster"]
[Black "Takeda"]
[Result "1-0"]
[WhiteElo "2349"]
[BlackElo "2155"]

1. d4 g6 2. c4 Bg7 3. e4 d6 4. Nc3 Nf6 5. Be2 O-O 6. Bg5 c5 7. d5 Nbd7 8. Qd2
Re8 9. f4 a6 10. Nf3 b5 11. cxb5 axb5 12. Bxb5 Qa5 13. Bc6 Rd8 14. Bxa8 Qxa8 15.
O-O Ba6 16. Rfe1 Nb6 17. b3 Nfxd5 18. exd5 Nxd5 19. Nxd5 Bxa1 20. Rxa1 f6 21.
Bh6 Kf7 22. Re1 e6 23. Rxe6 Kxe6 24. Nc7+ 1-0

[Event "AUTO-OPEN-4564"]
[Site "http://www.queenalice.com/game.php?id=1848804"]
[Date "2024.12.14"]
[Round "1"]
[White "Takeda"]
[Black "flemster"]
[Result "0-1"]
[WhiteElo "2112"]
[BlackElo "2355"]

1. e4 e5 2. Nf3 Nc6 3. d4 exd4 4. Nxd4 Bc5 5. Nxc6 Qf6 6. Be3 Bxe3 7. fxe3 Qh4+
8. g3 Qxe4 9. Rg1 Qxe3+ 10. Qe2 Qxe2+ 11. Bxe2 dxc6 12. Nc3 Nf6 13. O-O-O O-O
14. Rd4 Be6 15. Rgd1 c5 16. R4d2 a6 17. Bf3 Rab8 18. Nd5 Bxd5 19. Bxd5 Nxd5 20.
Rxd5 c6 21. Rxc5 Rfd8 22. Rxd8+ Rxd8 23. Re5 Kf8 24. Rh5 h6 25. Rh4 f6 26. Rb4
Rd7 27. Rb3 Kf7 28. h4 Kg6 29. g4 h5 30. gxh5+ Kxh5 31. Rb4 g5 32. hxg5 fxg5 33.
Rb3 g4 0-1

[Event "AUTO-OPEN-4564"]
[Site "http://www.queenalice.com/game.php?id=1855333"]
[Date "2025.4.11"]
[Round "2"]
[White "Sigmund"]
[Black "flemster"]
[Result "0-1"]
[WhiteElo "1670"]
[BlackElo "2324"]

1. e4 e5 2. Nf3 Nc6 3. Bc4 Nf6 4. O-O Bc5 5. d3 O-O 6. a3 d6 7. Be3 Bb6 8. Nc3
Be6 9. Re1 Qd7 10. Bxb6 axb6 11. Ng5 Bxc4 12. dxc4 h6 0-1

[Event "AUTO-OPEN-4564"]
[Site "http://www.queenalice.com/game.php?id=1855334"]
[Date "2025.4.11"]
[Round "2"]
[White "flemster"]
[Black "Sigmund"]
[Result "1-0"]
[WhiteElo "2325"]
[BlackElo "1668"]

1. d4 d5 2. c4 c6 3. Nf3 Nf6 4. Nc3 Nbd7 5. cxd5 cxd5 6. Bf4 e6 7. e3 a6 8. Bd3
Bb4 9. O-O O-O 10. Rc1 b5 11. a4 Qb6 12. axb5 Bxc3 13. bxc3 1-0

[Event "AUTO-OPEN-4564"]
[Site "http://www.queenalice.com/game.php?id=1855341"]
[Date "2025.4.11"]
[Round "2"]
[White "flemster"]
[Black "pizzaiolo72"]
[Result "0-1"]
[WhiteElo "2345"]
[BlackElo "2045"]

1. d4 Nf6 2. c4 g6 3. Nc3 Bg7 4. e4 d6 5. Be2 O-O 6. Bg5 e5 7. dxe5 dxe5 8. Qxd8
Rxd8 9. Nd5 Nxd5 10. Bxd8 Nb4 11. Kf1 N8c6 12. Bxc7 Be6 13. Nf3 Rc8 14. Bd6 Nc2
15. Rc1 N6d4 16. Nxd4 Nxd4 17. b3 Rc6 18. c5 b6 19. b4 bxc5 20. bxc5 Nxe2 21.
Kxe2 Bxa2 22. Kd3 Be6 23. Ra1 a6 24. Rhb1 f5 0-1

[Event "AUTO-OPEN-4564"]
[Site "http://www.queenalice.com/game.php?id=1855342"]
[Date "2025.4.11"]
[Round "2"]
[White "pizzaiolo72"]
[Black "flemster"]
[Result "0-1"]
[WhiteElo "2019"]
[BlackElo "2343"]

1. e4 e5 2. Nf3 Nc6 3. Bb5 Nge7 4. O-O g6 5. Bxc6 Nxc6 6. d4 exd4 7. Nxd4 Bg7 8.
c3 O-O 9. Be3 Re8 10. Nd2 d5 11. exd5 Qxd5 12. Nxc6 Qxc6 13. Qf3 Qb5 14. Nb3 a5
15. Rfd1 Qf5 16. Qxf5 Bxf5 17. Nd4 Bd7 18. b4 axb4 19. cxb4 Ra4 20. Rac1 Bg4 21.
Rd2 Rxb4 22. h3 Bc8 23. Rxc7 Rb1+ 24. Kh2 Be5+ 0-1

[Event "AUTO-OPEN-4564"]
[Site "http://www.queenalice.com/game.php?id=1867924"]
[Date "2026.1.14"]
[Round "3"]
[White "pizzaiolo72"]
[Black "flemster"]
[Result "0-1"]
[WhiteElo "2141"]
[BlackElo "2288"]

1. e4 e5 2. Nf3 Nc6 3. Bb5 g6 4. O-O Bg7 5. d3 Nge7 6. Bxc6 bxc6 7. Nbd2 O-O 8.
Re1 d6 9. h3 f5 10. exf5 Nxf5 11. Ne4 d5 12. Bg5 Qd7 13. Nc5 Qd6 14. b4 h6 15.
Bh4 g5 16. Bg3 Nxg3 17. fxg3 e4 18. dxe4 Bxa1 19. Qxa1 Qxg3 20. Qd1 Bxh3 21. Qd2
Rxf3 0-1